Autoritarismo y libertad en la enseñanza / (Record no. 5129)

MARC details
000 -CABECERA
campo de control de longitud fija 00818nam a2200241 a 4500
005 - FECHA Y HORA DE LA ÚLTIMA TRANSACCIÓN
campo de control 20220812063905.0
008 - ELEMENTOS DE LONGITUD FIJA--INFORMACIÓN GENERAL
campo de control de longitud fija 991125s1974 es 000 0 spa u
020 ## - NÚMERO INTERNACIONAL NORMALIZADO PARA LIBROS
Número Internacional Estándar del Libro 843440723X
035 ## - NÚMERO DE CONTROL DEL SISTEMA
Número de control de sistema UPN01000005129
049 ## - COLECCIÓN
Colección CG
050 #4 - SIGNATURA TOPOGRÁFICA DE LA BIBLIOTECA DEL CONGRESO
Número de clasificación LB1027
Número de documento/Ítem K6.2801 1974
100 1# - ASIENTO PRINCIPAL--NOMBRE PERSONAL
Nombre de persona Kohl, Herbert R.
245 10 - MENCIÓN DE TÍTULO
Título Autoritarismo y libertad en la enseñanza /
Mención de responsabilidad, etc. Herbert R. Kohl ; tr. Julia Sicart.
250 ## - MENCIÓN DE EDICIÓN
Mención de edición 2a ed.
260 ## - PUBLICACIÓN, DISTRIBUCIÓN, ETC.
Lugar de publicación, distribución, etc. Barcelona, Esp. :
Nombre del editor, distribuidor, etc. Ariel,
Fecha de publicación, distribución, etc. 1974.
300 ## - DESCRIPCIÓN FÍSICA
Extensión 145 p.
440 #0 - MENCIÓN DE SERIE/ASIENTO SECUNDARIO--TÍTULO
Título Ariel quincenal ;
Designación de volumen o secuencia 73
500 ## - NOTA GENERAL
Nota general Título de la cubierta: La institución escolar y la práctica educativa : lectura no. 8-A
500 ## - NOTA GENERAL
Nota general A la cabeza de la cubierta: Universidad Pedagógica Nacional. Area de Docencia. Maestría
500 ## - NOTA GENERAL
Nota general Fotocopia
650 #4 - ASIENTO SECUNDARIO DE MATERIA - TERMINO TEMATICO
Término de materia o nombre geográfico como elemento de entrada Innovaciones educativas
9 (RLIN) 386
905 ## - TIPO DE MATERIAL
Tipo de material Libro
Holdings
Estado de retiro Estado de pérdida Fuente del sistema de clasificación o colocación Estado dañado No para préstamo Código de colección Localización permanente Ubicación/localización actual Ubicación en estantería Total de préstamos Clasificación Código de barras Fecha visto por última vez Número de copia Tipo de ítem Koha Fecha de adquisición
    Library of Congress Classification     Colección General Bib. Gregorio Torres Quintero Bib. Gregorio Torres Quintero Planta baja 1 LB1027 K6.2801 1974 59514 31/12/2020 1 Libro  
    Library of Congress Classification     Colección General Bib. Gregorio Torres Quintero Bib. Gregorio Torres Quintero Planta baja 4 LB1027 K6.2801 1974 59519 31/12/2020 1 Libro  
    Library of Congress Classification     Colección General Bib. Gregorio Torres Quintero Bib. Gregorio Torres Quintero Planta baja 2 LB1027 K6.2801 1974 59515 31/12/2020 1 Libro  
    Library of Congress Classification     Colección General Bib. Gregorio Torres Quintero Bib. Gregorio Torres Quintero Planta baja 2 LB1027 K6.2801 1974 59516 31/12/2020 1 Libro  
    Library of Congress Classification     Colección General Bib. Gregorio Torres Quintero Bib. Gregorio Torres Quintero Planta baja 5 LB1027 K6.2801 1974 59517 31/12/2020 1 Libro  
    Library of Congress Classification     Colección General Bib. Gregorio Torres Quintero Bib. Gregorio Torres Quintero Planta baja 3 LB1027 K6.2801 1974 59512 31/12/2020 1 Libro  
    Library of Congress Classification   Coleccion SEP Colección General Bib. Gregorio Torres Quintero Bib. Gregorio Torres Quintero Planta baja   LB1027 K6.2801 1974 59511 31/12/2020 1 Libro 09/05/2023
    Library of Congress Classification   Coleccion SEP Colección General Bib. Gregorio Torres Quintero Bib. Gregorio Torres Quintero Planta baja   LB1027 K6.2801 1974 59510 31/12/2020 1 Libro 09/05/2023